| 000 | 00568nam a2200181 4500 | ||
|---|---|---|---|
| 001 | 85392 | ||
| 003 | BD-RjUL | ||
| 005 | 20250731125503.0 | ||
| 008 | 250731b |||||||| |||| 00| 0 eng d | ||
| 035 | _a(BD-RjUL)85392 | ||
| 040 |
_aBD-RjUL _beng _cBD-RjUL |
||
| 041 | _aeng | ||
| 100 |
_a سىف، سىف الدىن ;; Saif, Saifuddīn _916375 |
||
| 245 |
_aخم کاکل / K̲h̲am-i kākul / _cسىف الدىن سىف.,. (Author) / Saifuddīn Saif, Saifuddīn Saif (Author) |
||
| 260 |
_aLahore : _bMaktubah Karwan , _c195? |
||
| 300 | _a208 p. ; | ||
| 942 |
_2ddc _cBK |
||
| 999 |
_c85392 _d85392 |
||